| 000 | 00372pab a2200145 454500 | ||
|---|---|---|---|
| 008 | 180718b1998 xxu||||| |||| 00| 0 eng d | ||
| 100 | _aBarksdale, Kevin | ||
| 245 | _awhy we should update HR education | ||
| 260 | _c1998 | ||
| 300 | _ap.526-30 | ||
| 362 | _a4 Aug | ||
| 650 | _aHuman resources development | ||
| 773 | _aJournal of Management Education | ||
| 909 | _a38688 | ||
| 999 |
_c38688 _d38688 |
||